Super Street Fighter II - Characters by Picture - Statistics

General Stats
  • This quiz has been taken 38 times
  • The average score is 14 of 16
Answer Stats
Picture Answer % Correct
Chun-Li
97%
Guile
97%
Ken Masters
97%
Ryu
97%
Blanka
94%
E. Honda
94%
M. Bison
94%
Zangief
94%
Sagat
91%
Vega
91%
Cammy
89%
Balrog
86%
Dhalsim
86%
Dee Jay
77%
T. Hawk
77%
Fei Long
74%
No matching quizzes found
Score Distribution
Percent of People with Each Score
Percentile by Number Answered
Your Score History
You have not taken this quiz